[Event "Floripa Chess Open 2024"]
[Site "Florianopolis"]
[Date "2024.01.27"]
[Round "9.89"]
[White "Azevedo, Edmundo"]
[Black "De Oliveira, Matheus Tavares"]
[Result "1/2-1/2"]
[WhiteElo "1860"]
[BlackElo "1612"]
[PlyCount "100"]
[EventDate "2024.01.20"]
[EventRounds "10"]
[EventCountry "BRA"]

1. d4 Nf6 2. Nf3 g6 3. Bf4 c5 4. c3 Bg7 5. e3 Qb6 6. Qb3 Qxb3 7. axb3 cxd4 ({RR
} 7... d6 8. dxc5 dxc5 9. Bxb8 Rxb8 10. Bb5+ Nd7 11. Rxa7 O-O 12. Nbd2 Nb6 13.
Ke2 Be6 14. Nc4 Nc8 15. Raa1 Nd6 16. Nxd6 exd6 17. Bc4 d5 18. Bb5 h6 19. Ra7 g5
20. h3 f5 21. Rd1 f4 22. c4 {Dreev,A (2698)-Bologan,V (2669)
chessassistantclub.com INT 2004 0-1 (43)}) 8. exd4 d6 9. b4 $146 ({RR} 9. Nbd2
O-O 10. Nc4 Nbd7 11. Be2 b6 12. O-O Bb7 13. b4 a6 14. Rfe1 Rfd8 15. Nfd2 Bf8
16. Bf3 Bxf3 17. Nxf3 Nd5 18. Bg3 Rac8 19. Ne3 Nc7 20. h3 b5 21. Nd2 Nb6 22.
Re2 Na4 23. Nb3 Ne8 {Duch,M (2262)-Marszalek,M (2340) Mrzezyno 2011 1-0 (51)})
({RR} 9. h3 Nc6 10. b4 O-O 11. b5 Nd8 12. Be2 Ne6 13. Bh2 Nd5 14. O-O Ndf4 15.
Bc4 d5 16. Bb3 Bd7 17. Na3 a6 18. h4 axb5 19. Nc2 Nd3 20. Rab1 Nef4 21. g3 Bg4
22. Nd2 Ne2+ 23. Kg2 b4 {Novikova,M (2020)-Atalik,E (2452) Mentese TUR 2019
0-1 (57)}) ({RR} 9. Nbd2 O-O 10. Be2 Nc6 11. b4 Nh5 12. Be3 Nf6 13. b5 Nd8 14.
O-O Nd5 15. Ra3 Nxe3 16. fxe3 Bh6 17. Kf2 g5 18. Rfa1 f5 19. g3 g4 20. Nh4 e5
21. Ng2 Ne6 22. Nc4 f4 23. exf4 exf4 {Meulders,R (2265)-Vandevoort,P (2275)
Geel 1996 1/2-1/2 (62)}) ({RR} 9. h3 Bf5 10. Na3 O-O 11. Bb5 Be4 12. Be2 Nbd7
13. O-O Nd5 14. Bg3 Bh6 15. Ne1 Nf4 16. Bxf4 Bxf4 17. Bf3 Nf6 18. Bxe4 Nxe4 19.
Nd3 Bg5 20. Rfe1 f5 21. Nb5 Rfc8 22. Nxa7 Rd8 23. Nb5 e5 {Avron,D-Barski,V 
(2410) Bethune 1998 1-0 (39)}) 9... Nbd7 10. Nbd2 Nh5 11. Bg3 Nxg3 12. hxg3 e5
13. dxe5 Nxe5 14. Bb5+ Bd7 15. Bxd7+ Kxd7 16. Nxe5+ dxe5 17. Ne4 Ke7 18. Ke2 f5
19. Nc5 b6 20. Nb3 h5 21. Ra6 f4 22. gxf4 exf4 23. Rha1 Rhe8 24. Rxa7+ Kf6+ 25.
Kf1 Rxa7 26. Rxa7 g5 27. Rb7 Re6 28. Nd4 Rd6 29. Ke2 Bh6 30. Rh7 Ke5 31. Kd3 g4
32. Rf7 Rf6 33. Re7+ Kd6 34. Rb7 Ke5 35. f3 Bf8 36. Rh7 Bh6 37. Re7+ Kd6 38.
Re8 gxf3 39. Nxf3 Bf8 40. Re5 Rg6 41. Rxh5 Rxg2 42. Rf5 Bg7 43. Rxf4 Rxb2 44.
Rg4 Bf8 45. Nd2 Kc7 46. Rg6 Bxb4 47. Rg7+ Kc6 48. Rg6+ Kc7 49. Nc4 Bxc3 50.
Kxc3 Rb1 1/2-1/2

[Event "Floripa Chess Open 2024"]
[Site "Florianopolis"]
[Date "2024.01.27"]
[Round "9.90"]
[White "Deretti, Lucas Jurk"]
[Black "Felizes, Paulo"]
[Result "1-0"]
[WhiteElo "1548"]
[BlackElo "1855"]
[PlyCount "67"]
[EventDate "2024.01.20"]
[EventRounds "10"]
[EventCountry "BRA"]

1. e4 e5 2. Nf3 Nc6 3. Bc4 Nf6 4. Ng5 d5 5. exd5 b5 6. Bxb5 Qxd5 7. Bxc6+ Qxc6
8. Nf3 ({RR} 8. Qf3 e4 9. Qc3 Qb5 10. f4 h6 11. Nh3 Bd6 12. Na3 Qh5 13. Nc4 O-O
14. Nxd6 cxd6 15. O-O Bxh3 16. Qxh3 Qc5+ 17. Qe3 Qxc2 18. b3 d5 19. Qd4 Rfe8
20. Bb2 Qc8 21. Rae1 Qf5 22. Re3 Re6 {Lanc,A (2470)-Votava,J (2380)
Czechoslovakia 1991 1-0 (37)}) 8... e4 ({RR} 8... Bd6 9. O-O O-O 10. Re1 Bg4
11. h3 Bh5 12. g4 Bg6 13. Nxe5 Bxe5 14. Rxe5 Bxc2 15. Qe2 Bd3 16. Qe1 Rfe8 17.
f4 Qf3 18. Nc3 Rxe5 19. fxe5 Nxg4 20. hxg4 Qxg4+ 21. Kh2 Qh5+ 22. Kg2 Qg6+ 23.
Qg3 {Shi,W (1453)-Javornik,N (1221) Mureck 2017 1-0 (76)}) 9. Nd4 Qd5 10. Ne2
Bg4 $146 ({RR} 10... Bd6 11. Nbc3 Qe5 12. d4 Qf5 13. Ng3 Bxg3 14. hxg3 Ba6 15.
Bf4 c5 16. d5 g5 17. Bc7 O-O 18. Qe2 Ng4 19. d6 e3 20. fxe3 Nxe3 21. Rc1 Rfe8
22. d7 Nxg2+ 23. Kd1 {0-1 (23) Sandberg,E (1506)-Petrison,J (2035) San
Francisco 2006}) 11. Nbc3 Qh5 12. d4 Bb4 13. Be3 O-O 14. Qd2 Rfd8 15. a3 Qa5
16. O-O Bd6 17. Ng3 Rab8 18. b4 Qa6 19. Ncxe4 Nxe4 20. Nxe4 Be7 21. c3 f5 22.
Ng3 Qg6 23. f3 Bh5 24. Nxh5 Qxh5 25. Bf4 Rbc8 26. Qe2 Re8 27. Qe6+ Kf8 28. Qa6
Bg5 29. Bxg5 Qxg5 30. Rae1 Qd2 31. Rxe8+ Rxe8 32. Qxa7 Qe3+ 33. Kh1 Qf2 34.
Qc5+ 1-0

[Event "Floripa Chess Open 2024"]
[Site "Florianopolis"]
[Date "2024.01.27"]
[Round "9.91"]
[White "Dias, Marcelo De Souza"]
[Black "Fernandes, Beatriz"]
[Result "1-0"]
[WhiteElo "1854"]
[BlackElo "1431"]
[PlyCount "97"]
[EventDate "2024.01.20"]
[EventRounds "10"]
[EventCountry "BRA"]

1. d4 Nf6 2. Bf4 g6 3. Nc3 Bg7 4. e4 d6 5. Qd2 Nbd7 ({RR} 5... Nc6 6. d5 Ne5 7.
Bh6 Bxh6 8. Qxh6 c6 9. dxc6 bxc6 10. h3 Qb6 11. Rb1 Rb8 12. Qd2 Ba6 13. Bxa6
Qxa6 14. b3 Rb4 15. f3 Qb6 16. a3 Rd4 17. Qe3 Rxe4 18. Qxe4 Nxe4 19. fxe4 O-O
20. Nge2 {Nakamura,H (2767)-Aronian,L (2797) Saint Louis 2014 1-0 (53)}) 6.
O-O-O O-O 7. Bh6 ({RR} 7. e5 dxe5 8. dxe5 Ng4 9. Nf3 Ngxe5 10. Nxe5 Nxe5 11.
Qxd8 Rxd8 12. Rxd8+ Bf8 13. Bxe5 {1-0 (13) Lock,G (2107)-Golubovskis,M (2210)
chess.com INT 2021}) 7... c5 $146 ({RR} 7... c6 8. Bxg7 Kxg7 9. e5 Nd5 10. Nxd5
cxd5 11. h4 h5 12. g4 hxg4 13. h5 Rh8 14. h6+ Kh7 15. Qf4 f5 16. f3 dxe5 17.
dxe5 Qc7 18. Rxd5 Nf6 19. Rd1 Be6 20. fxg4 Rac8 21. Bd3 Rhd8 22. Kb1 {Neukirch,
D-Boehnisch,M Gera 1962 0-1}) ({RR} 7... e5 8. Bxg7 Kxg7 9. dxe5 Nxe5 10. f4
Nc6 11. Nf3 Re8 12. Bb5 Nxe4 13. Nxe4 Rxe4 14. Bd3 Ra4 15. Bb5 Re4 16. Ng5 Rd4
17. Qe3 Qf6 18. Ne4 Rxd1+ 19. Rxd1 Qd8 20. Qc3+ f6 21. Bxc6 bxc6 22. Re1 {
Wong,R (2200)-Kokish,I (1855) San Francisco 2016 1-0}) 8. Bxg7 Kxg7 9. e5 Ne8
10. f4 cxd4 11. Qxd4 Qb6 12. Nf3 Qxd4 13. Rxd4 dxe5 14. fxe5 Nc7 15. Bc4 Nb6
16. Bb3 Be6 17. Rhd1 Bxb3 18. axb3 Ne6 19. R4d2 Rfd8 20. Nd4 Nxd4 21. Rxd4 Rxd4
22. Rxd4 Kf8 23. Ne4 Rc8 24. b4 Ke8 25. Nc5 Rc7 26. Rh4 Nd7 27. Nxd7 Rxd7 28.
Rxh7 Rd5 29. e6 fxe6 30. Rh3 Rg5 31. g3 e5 32. Kd2 Kd7 33. Ke2 Rg4 34. c3 Re4+
35. Kd2 g5 36. Rh5 g4 37. Rg5 Kd6 38. Kd3 Kd5 39. Rg8 Re1 40. c4+ Kd6 41. Rxg4
Rd1+ 42. Kc3 Rc1+ 43. Kd3 Rd1+ 44. Kc2 Re1 45. h4 Re2+ 46. Kc3 e4 47. h5 e3 48.
h6 Rh2 49. Rh4 1-0

[Event "Floripa Chess Open 2024"]
[Site "Florianopolis"]
[Date "2024.01.27"]
[Round "9.92"]
[White "Dos Santos, Welligton Carlos"]
[Black "Santos, Abel Cardoso Dos"]
[Result "1/2-1/2"]
[WhiteElo "1541"]
[BlackElo "1854"]
[PlyCount "123"]
[EventDate "2024.01.20"]
[EventRounds "10"]
[EventCountry "BRA"]

1. c4 Nf6 2. Nc3 g6 3. g3 Bg7 4. Bg2 O-O 5. d3 d6 6. e4 e5 7. Nge2 Nc6 8. O-O
Nd7 9. f4 f5 10. Be3 ({RR} 10. exf5 gxf5 11. Be3 Nd4 12. fxe5 dxe5 13. Bxd4
exd4 14. Nd5 Ne5 15. h3 c6 16. Ndf4 Ng6 17. Qb3 Qb6 18. Qa3 Re8 19. b4 Bd7 20.
Qb3 Qd8 21. Kh2 Re3 22. Rf3 Rxf3 23. Bxf3 Qe7 24. Rf1 Re8 {Rotstein,A (2525)
-Krasenkow,M (2676) Izmir 2004 0-1 (47)}) 10... Nf6 11. Nd5 Ng4 $146 ({RR} 
11... Be6 12. Qd2 Ng4 13. h3 Nxe3 14. Qxe3 Ne7 15. Nec3 c6 16. Nxe7+ Qxe7 17.
Rae1 Qd7 18. Kh2 Rae8 19. Qd2 Rf7 20. b4 Ref8 21. Ne2 Bh6 22. Rf2 exf4 23. Nxf4
fxe4 24. Rxe4 Bf5 25. Ree2 Bg5 26. Re1 {Smietanska,W (1809)-Jodorcovsky,P 
(2197) chess.com INT 2021 0-1 (50)}) 12. Bc1 exf4 13. Ndxf4 Nd4 14. h3 Nxe2+
15. Nxe2 Nh6 16. Be3 fxe4 17. dxe4 Nf7 18. Qc2 Ng5 19. Rxf8+ Bxf8 20. Nf4 c6
21. Rd1 Qe7 22. Bd2 Nf7 23. Bb4 Qc7 24. Bc3 Ne5 25. b3 Qe7 26. Bb4 Nf7 27. Qd2
a5 28. Bc3 a4 29. b4 Ne5 30. Qe2 Be6 31. Bxe5 dxe5 32. Nxe6 Qxe6 33. a3 Bh6 34.
Kh2 Rf8 35. Bf3 Qf6 36. Kg2 Rd8 37. Rxd8+ Qxd8 38. Qd1 Qd4 39. Qxd4 exd4 40.
Bd1 Bc1 41. Bxa4 Bxa3 42. b5 c5 43. Bc2 Kf7 44. Kf3 Ke6 45. Bd3 Bc1 46. Kg4 Ke5
47. Kf3 Bd2 48. Kg4 h5+ 49. Kf3 Be1 50. g4 h4 51. Be2 g5 52. Bd3 Bg3 53. Be2
Kd6 54. Bd3 Be5 55. Ke2 Bh2 56. Kf3 Kc7 57. Ke2 Bf4 58. Kd1 Be3 59. Ke2 Bg1 60.
Bc2 Bh2 61. Bd3 Kd6 62. Kf3 1/2-1/2

[Event "Floripa Chess Open 2024"]
[Site "Florianopolis"]
[Date "2024.01.27"]
[Round "9.93"]
[White "Moyses Sobrinho, Elias"]
[Black "Cabral, Vivian De Paiva"]
[Result "1-0"]
[WhiteElo "1844"]
[BlackElo "1358"]
[PlyCount "143"]
[EventDate "2024.01.20"]
[EventRounds "10"]
[EventCountry "BRA"]

1. f4 c5 2. e3 e6 3. b3 Nc6 4. Bb2 Nf6 5. Nf3 Be7 6. Be2 d5 7. O-O O-O 8. h3 ({
RR} 8. Bb5 Bd7 9. a4 a6 10. Bxc6 Bxc6 11. Ne5 Be8 12. a5 Rc8 13. d3 Nd7 14. Nd2
f6 15. Nxd7 Qxd7 16. e4 Bg6 17. Qe2 Bd6 18. h4 h5 19. Qf3 Bc7 20. Rf2 Qc6 21.
Ra4 c4 22. exd5 exd5 {Karlsson,L (2469)-Ivanov,S (2536) Sweden 2011 0-1 (46)})
8... Re8 $146 ({RR} 8... Ne4 9. Qe1 Bf6 10. c3 d4 11. cxd4 cxd4 12. d3 dxe3 13.
Bxf6 Qxf6 14. dxe4 Qxa1 15. Nc3 Qxe1 16. Rxe1 Rd8 17. Bf1 Nd4 18. Rxe3 Nxf3+
19. Rxf3 Bd7 20. a4 Bc6 21. Re3 Rd4 22. Kf2 a6 23. Rd3 {Larrea,O-Rodriguez,A
San Jose 1989 0-1 (35)}) ({RR} 8... b6 9. d3 Bb7 10. Qe1 Qc7 11. Ne5 Rad8 12.
Nd2 Ne8 13. Qg3 f6 14. Nxc6 Bxc6 15. h4 Qd7 16. h5 Nd6 17. Qh3 Nf7 18. Nf3 Bd6
19. Nh4 Nh6 20. g4 e5 21. fxe5 fxe5 22. Qg2 Be7 23. g5 {Matnadze,A (2342)
-Armengol Navarro,S (2112) Barcelona 2016 1-0 (42)}) ({RR} 8... b6 9. Bb5 Nb8
10. Ne5 a6 11. Bd3 Bb7 12. Qe2 Nbd7 13. Ng4 Ne8 14. Qf3 Nd6 15. Qg3 Nf6 16. f5
c4 17. fxe6 fxe6 18. Be2 b5 19. Be5 Nf5 20. Rxf5 exf5 21. Nh6+ Kh8 22. Nxf5 Rg8
23. d4 {Weissbeck,W-Lukas,M (2112) Kassel 2000 0-1 (33)}) ({RR} 8... a6 9. d3
b5 10. Nbd2 Bb7 11. g4 h6 12. Qe1 Nb4 13. Bd1 Nc6 14. Rf2 Nd7 15. Rg2 Bf6 16.
Bxf6 Qxf6 17. Rb1 e5 18. g5 hxg5 19. Nxg5 exf4 20. Qh4 Qh6 21. Qxh6 gxh6 22.
Ne6+ Kh7 23. Nxf8+ {Zieher,A (1914)-Rieder,J (1961) Ditzingen 2006 1-0}) 9. d3
Bd6 10. Ne5 Ne7 11. g4 Nd7 12. Nd2 f6 13. Nef3 Qc7 14. d4 cxd4 15. Nxd4 Qb6 16.
Kg2 Bc5 17. a4 a5 18. N2f3 e5 19. fxe5 Nxe5 20. Bb5 N7c6 21. Nxe5 fxe5 22. Qf3
Kh8 23. Nf5 Bxf5 24. Qxf5 Qc7 25. Rad1 Rad8 26. Qf7 Qxf7 27. Rxf7 Re7 28. Rxe7
Nxe7 29. Bxe5 Bxe3 30. Rd3 Bb6 31. Rf3 Ng6 32. Bb2 Nh4+ 33. Kg3 Nxf3 34. Kxf3
Rf8+ 35. Kg3 Bc7+ 36. Kg2 Rf7 37. Bd3 Bb6 38. Bf5 Re7 39. h4 d4 40. h5 Re2+ 41.
Kf3 Re1 42. Ba3 Re3+ 43. Kf4 h6 44. Bg6 Bd8 45. Bd3 Bg5+ 46. Kf5 Rf3+ 47. Ke5
Bf6+ 48. Kd5 Kg8 49. Bc5 Rf4 50. Bf5 Kf7 51. Bg6+ Kg8 52. Bf5 Kf7 53. Bd6 Rf2
54. Bg6+ Kg8 55. Bc7 Re2 56. Be4 Kf7 57. Bxa5 Ke7 58. Bb6 Rd2 59. Bc5+ Kd7 60.
Bd3 Rg2 61. Bf5+ Kc7 62. Bxd4 Bxd4 63. Kxd4 Kd6 64. b4 Rg1 65. Kc4 Ra1 66. Kb5
Kc7 67. a5 Re1 68. c4 Re5+ 69. Ka4 Kc6 70. Bc8 Re4 71. Kb3 Re3+ 72. Kb2 1-0

[Event "Floripa Chess Open 2024"]
[Site "Florianopolis"]
[Date "2024.01.27"]
[Round "9.94"]
[White "Medeiros, Thauane Ferreira"]
[Black "Vieira, Igor Do Nascimento"]
[Result "1-0"]
[WhiteElo "1842"]
[BlackElo "1280"]
[PlyCount "101"]
[EventDate "2024.01.20"]
[EventRounds "10"]
[EventCountry "BRA"]

1. d4 Nf6 2. Bf4 d5 3. e3 Bf5 4. c4 e6 5. Nc3 Bd6 6. c5 $146 ({RR} 6. Bg3 c6 7.
Nf3 Ne4 8. Bd3 Bxg3 9. hxg3 Nd7 10. Bxe4 Bxe4 11. Nxe4 dxe4 12. Nd2 Nf6 13. Qc2
Qa5 14. Kf1 Qf5 15. Rh4 g5 16. Rxe4 Nxe4 17. Nxe4 Ke7 18. f3 g4 19. Qb3 b6 20.
Qb4+ c5 {Zavortink,M (2112)-Greger,T (1529) Portland 2013 1-0}) ({RR} 6. Bxd6
Qxd6 7. Qb3 b6 8. Nf3 O-O 9. Be2 a6 10. O-O Nbd7 11. Rac1 dxc4 12. Bxc4 b5 13.
Be2 c5 14. dxc5 Nxc5 15. Qb4 Rfc8 16. a4 Qb6 17. axb5 Bd3 18. Na4 Qxb5 19. Qxb5
axb5 20. Nxc5 Bxe2 {Kamsky,G (2662)-Nakamura,H (2736) chess.com INT 2021 0-1 
(34)}) ({RR} 6. Bg3 O-O 7. c5 Be7 8. Bd3 Bxd3 9. Qxd3 b6 10. cxb6 axb6 11. Nf3
Nbd7 12. O-O c5 13. dxc5 Nxc5 14. Qc2 Rc8 15. Qd2 Nce4 16. Nxe4 Nxe4 17. Qe2
Bf6 18. Rac1 Qd7 19. Be5 Qa4 20. Bxf6 Nxf6 {Malkoc,P (1295)-Mikuz,S (1737)
Portoroz 2016 1/2-1/2 (41)}) ({RR} 6. Bxd6 Qxd6 7. Qb3 b6 8. Rc1 c6 9. Nf3 Nbd7
10. cxd5 exd5 11. Nh4 Be6 12. Bd3 g6 13. h3 O-O 14. Nf3 Ne4 15. Bxe4 dxe4 16.
Nxe4 Qe7 17. Qa3 Qxa3 18. bxa3 Bxa2 19. Rxc6 Bd5 20. Rd6 Bxe4 {Sabirov,A (2147)
-Rakhimov,R (2107) Tashkent UZB 2019 1/2-1/2 (56)}) 6... Bxf4 7. exf4 c6 8. Nf3
Bg4 9. h3 Bxf3 10. Qxf3 Qa5 11. Be2 Nbd7 12. O-O O-O 13. a3 Qc7 14. b4 g6 15.
Qe3 Kg7 16. a4 Ng8 17. b5 Ne7 18. Rfc1 Nf5 19. Qd2 Nf6 20. g4 Ne7 21. f3 h5 22.
Qe3 hxg4 23. fxg4 Rh8 24. a5 Ne4 25. b6 axb6 26. axb6 Qc8 27. Nxe4 dxe4 28. Ra7
Nd5 29. Qxe4 Rxh3 30. Rca1 Rb8 31. Bf3 Nc3 32. Qe5+ f6 33. Qc7+ Qxc7 34. bxc7
Rc8 35. Kg2 Rhh8 36. Rxb7 Nb5 37. Bxc6 Rxc7 38. Rxc7+ Nxc7 39. Ra7 Rc8 40. Bd7
Nb5 41. Bxb5+ Kh6 42. Bd7 Rd8 43. c6 g5 44. fxg5+ Kxg5 45. Ra5+ Kh4 46. c7 Rxd7
47. c8=Q Rxd4 48. Qxe6 Rxg4+ 49. Kh2 Rg2+ 50. Kxg2 f5 51. Rxf5 1-0

[Event "Floripa Chess Open 2024"]
[Site "Florianopolis"]
[Date "2024.01.27"]
[Round "9.95"]
[White "De Oliveira, Jairo Quintiliano"]
[Black "Da Silva, Leonardo Douglas Si"]
[Result "1-0"]
[WhiteElo "1840"]
[BlackElo "1800"]
[PlyCount "69"]
[EventDate "2024.01.20"]
[EventRounds "10"]
[EventCountry "BRA"]

1. e4 e6 2. d3 d5 3. Nd2 Nf6 4. Ngf3 c5 5. g3 Nc6 6. Bg2 Be7 7. O-O O-O 8. Re1
Bd7 9. Nf1 ({RR} 9. e5 Ne8 10. Nf1 Nc7 11. h4 b5 12. h5 a5 13. h6 g6 14. N1h2
a4 15. a3 b4 16. Ng4 Nb5 17. Bf4 Nbd4 18. Nxd4 Nxd4 19. c4 dxc4 20. dxc4 Rb8
21. Nf6+ Bxf6 22. exf6 Qxf6 23. Be5 Qe7 {Bellini,F (2503)-Bischoff,K (2561)
playchess.com INT 2003 1-0 (37)}) ({RR} 9. e5 Ne8 10. Nf1 f6 11. exf6 Bxf6 12.
Ne3 Nd6 13. Ng4 Nf7 14. Nxf6+ Qxf6 15. c4 Rad8 16. Rf1 Bc8 17. Qb3 dxc4 18.
Qxc4 b6 19. h4 h6 20. Bd2 e5 21. Bc3 Be6 22. Qa6 Bd5 23. Nh2 Bxg2 {De Coverly,
R (1920)-Sugden,J (2090) Hull ENG 2018 1-0 (63)}) 9... dxe4 $146 ({RR} 9... b5
10. e5 Ne8 11. h4 f5 12. exf6 Bxf6 13. N1h2 Nd6 14. Ng4 Nf7 15. c3 e5 16. Nfh2
d4 17. Qb3 Rc8 18. c4 Na5 19. Qc2 bxc4 20. dxc4 Bc6 21. Bd2 Bxg2 22. Bxa5 Qxa5
23. Kxg2 Qb6 24. b3 {Ragozin,E (2275)-Malevinsky,A (2385) Riga 1988 1/2-1/2 
(47)}) ({RR} 9... Be8 10. e5 Nd7 11. Bh3 Nb6 12. c3 Nd7 13. d4 cxd4 14. cxd4
Rc8 15. Ne3 Nb6 16. b3 Bd7 17. Bd2 Nb4 18. Bf1 Qe8 19. a3 Nc6 20. Bd3 f6 21.
exf6 Bxf6 22. Nf5 Qh5 23. Nd6 Rb8 24. Be2 {Supino,D (2083)-Soave,V (1467)
Napoli 2013 1/2-1/2 (51)}) 10. dxe4 e5 11. Bg5 h6 12. Bxf6 Bxf6 13. c3 Be6 14.
Ne3 Qc8 15. Qc2 g5 16. Nd5 Bd8 17. Nd2 Ne7 18. Nc4 Ng6 19. Nd6 Qd7 20. Nf5 Kh7
21. Rad1 Qc8 22. Rd2 b5 23. Red1 Qa6 24. a3 Rc8 25. Qd3 g4 26. Qe2 Bg5 27. Rc2
h5 28. f3 Bxd5 29. Rxd5 Rcd8 30. fxg4 Rxd5 31. exd5 h4 32. gxh4 Nxh4 33. Qxe5
Qg6 34. Nxh4 Qxc2 35. Be4+ 1-0

[Event "Floripa Chess Open 2024"]
[Site "Florianopolis"]
[Date "2024.01.27"]
[Round "9.97"]
[White "Carvalho, Guillermo"]
[Black "Dos Santos, Guilherme Fortes"]
[Result "1-0"]
[WhiteElo "2149"]
[BlackElo "1707"]
[PlyCount "83"]
[EventDate "2024.01.20"]
[EventRounds "10"]
[EventCountry "BRA"]

1. c4 c6 2. e4 d5 3. exd5 cxd5 4. cxd5 Nf6 5. Nc3 Nxd5 6. Bc4 Nb6 7. Bb3 g6 8.
d4 Bg7 9. Nf3 Nc6 10. Be3 O-O 11. O-O Bg4 12. h3 Bxf3 13. Qxf3 Nxd4 14. Bxd4
Qxd4 15. Rad1 Qb4 16. Qxb7 e6 17. Rd3 $146 ({RR} 17. Qf3 a5 18. Rfe1 a4 19. Re4
Qc5 20. Nxa4 Nxa4 21. Rxa4 Rxa4 22. Bxa4 Bxb2 23. Bb3 Bd4 24. a4 Qb6 25. Bc4
Rd8 26. Be2 Kg7 27. Rc1 Rd7 28. g3 Rd5 29. Rf1 Rc5 30. Kg2 Rc3 31. Qe4 Ra3 {
Nurgali,N (2260)-Padmini,R (2345) Warsaw POL 2021 0-1 (61)}) ({RR} 17. Qf3 a5
18. Rfe1 Rad8 19. Re4 Qc5 20. Rd3 Qc7 21. Re1 Rxd3 22. Qxd3 Rd8 23. Qe2 Bxc3
24. bxc3 Qxc3 25. Rd1 Rxd1+ 26. Qxd1 Kg7 27. g3 h5 28. h4 Qe5 29. Qd8 Qe1+ 30.
Kg2 Qe4+ 31. Kg1 Qb4 {Schwerdtfeger,J (1880)-Mueller,U (2045) Germany 1999 1/
2-1/2 (46)}) 17... a5 18. Re1 Rab8 19. Qf3 Rbd8 20. Re4 Rd4 21. Rexd4 Bxd4 22.
Qd1 Bf6 23. a3 Qe7 24. Qd2 Rc8 25. Ne4 a4 26. Ba2 Bg7 27. Nd6 Rd8 28. Nf5 gxf5
29. Rxd8+ Bf8 30. Rb8 Nd5 31. Bxd5 exd5 32. Qb4 Kg7 33. Qxe7 Bxe7 34. Rb6 Bc5
35. Rb5 Bd4 36. Rb4 Bf6 37. Rxa4 h6 38. Rb4 d4 39. g3 d3 40. Kf1 Be5 41. Rb3 d2
42. Ke2 1-0

[Event "Floripa Chess Open 2024"]
[Site "Florianopolis"]
[Date "2024.01.27"]
[Round "9.98"]
[White "Da Silva, Eduardo Batista Q"]
[Black "De Haro, Martim Afonso Palma"]
[Result "1/2-1/2"]
[WhiteElo "1905"]
[BlackElo "1704"]
[PlyCount "111"]
[EventDate "2024.01.20"]
[EventRounds "10"]
[EventCountry "BRA"]

1. d4 d5 2. c4 e6 3. cxd5 exd5 4. Nc3 Nf6 5. Bg5 c6 6. e3 Be7 7. Bd3 Nbd7 8.
Nge2 O-O 9. O-O Re8 10. Qc2 Nf8 11. f3 g6 12. Rad1 Ne6 13. Bh4 Ng7 ({RR} 13...
Nh5 14. Bxe7 Qxe7 15. Qd2 Qd8 16. Bc2 b5 17. Nc1 a6 18. a3 Ra7 19. Nd3 Qd6 20.
Kh1 Rae7 21. Rfe1 Nf6 22. Qf2 Ng7 23. Nc5 Nd7 24. b4 Nb6 25. e4 Nc4 26. a4 Nb2
27. Rc1 bxa4 28. N3xa4 {Sargissian,G (2673)-Sulashvili,M (2498) Rethymno 2010
1-0 (42)}) 14. Kh1 ({RR} 14. Bf2 c5 15. dxc5 Bxc5 16. Nd4 Ne6 17. Nce2 Nxd4 18.
Nxd4 Qb6 19. a3 a5 20. Qd2 Bd7 21. Rc1 Rac8 22. h3 Nh5 23. Kh1 Ng7 24. Rc3 Ne6
25. Be2 Nxd4 26. exd4 Bd6 27. Bd3 Rxc3 28. Qxc3 Bf4 {Morris-Suzuki,S (2067)
-Ward,I (2028) chess.com INT 2022 0-1 (45)}) 14... Bf5 15. e4 Be6 $146 ({RR} 
15... dxe4 16. Nxe4 Nxe4 17. fxe4 Bxe4 18. Bxe4 Bxh4 19. d5 Qe7 20. Nc3 cxd5
21. Bxd5 Rf8 22. Qb3 Rab8 23. g3 Bg5 {1/2-1/2 (23) Kaminski,V (2211)-Adamowicz,
K (2079) Wroclaw 2008}) 16. h3 Rc8 17. Bf2 a6 18. Nf4 Nfh5 19. Nfe2 Nf6 20. Qd2
Nfh5 21. Be3 c5 22. exd5 cxd4 23. Bxd4 Bxd5 24. Be4 Bxe4 25. Nxe4 Ne6 26. Be3
Qxd2 27. Rxd2 f5 28. N4c3 Rcd8 29. Rfd1 Rxd2 30. Rxd2 Rd8 31. Nd5 Kf7 32. Nxe7
Rxd2 33. Bxd2 Kxe7 34. Kg1 Kd7 35. Bc3 Kc6 36. Kf2 Kd5 37. Ke3 Nhg7 38. g4 fxg4
39. fxg4 Ne8 40. Nf4+ Nxf4 41. Kxf4 h6 42. h4 Ke6 43. g5 h5 44. Ke4 Nd6+ 45.
Kf4 Nf5 46. Be1 Kd5 47. Bf2 Nd4 48. Bxd4 Kxd4 49. Kf3 Ke5 50. Ke3 Kf5 51. Kf3
Ke5 52. Ke3 b6 53. a4 a5 54. b3 Kd5 55. Kd3 Ke5 56. Ke3 1/2-1/2

[Event "Floripa Chess Open 2024"]
[Site "Florianopolis"]
[Date "2024.01.27"]
[Round "9.99"]
[White "Boeck, Moacir Luis"]
[Black "Lopes, Leonardo Borges"]
[Result "0-1"]
[WhiteElo "1900"]
[BlackElo "1694"]
[PlyCount "72"]
[EventDate "2024.01.20"]
[EventRounds "10"]
[EventCountry "BRA"]

1. e4 c5 2. Nf3 d6 3. d4 cxd4 4. Nxd4 Nf6 5. f3 a6 6. c4 e6 7. Nc3 Be7 8. Be3
O-O 9. Qd2 Qc7 10. Rc1 Nbd7 11. Be2 b6 12. O-O Bb7 13. Rfd1 Rac8 14. Bf1 Rfd8
15. Qf2 Qb8 16. Na4 Ba8 17. b4 Bf8 $146 ({RR} 17... d5 18. exd5 exd5 19. c5
bxc5 20. Nf5 Bf8 21. bxc5 g6 22. Nh6+ Kg7 23. Qh4 Bc6 24. Nb6 Nxb6 25. cxb6 Bb5
26. Bd4 Be7 27. Qg5 Bd7 28. Bxa6 Rxc1 29. Rxc1 Qd6 30. Ng4 Bxg4 31. fxg4 Kg8
32. Qe5 {Kotov,V (2358)-Lugovoy,D (2051) Nizhnij Novgorod 2007 1-0 (38)}) 18.
Nb3 b5 19. cxb5 axb5 20. Nb6 Rxc1 21. Nxd7 Rxd7 22. Rxc1 d5 23. Nc5 Rd8 24. e5
Qxe5 25. Bxb5 d4 26. Bd2 Qb8 27. a4 e5 28. Bc4 Qa7 29. Bb3 Bxc5 30. Rxc5 e4 31.
Qg3 e3 32. Rc7 Qb8 33. Bxf7+ Kh8 34. Be1 d3 35. Bc3 d2 36. Bb3 Qxc7 0-1

[Event "Floripa Chess Open 2024"]
[Site "Florianopolis"]
[Date "2024.01.27"]
[Round "9.100"]
[White "Bonilla Viamonte, Diego Armando"]
[Black "Cerrato, Alex"]
[Result "1-0"]
[WhiteElo "1620"]
[BlackElo "1884"]
[PlyCount "91"]
[EventDate "2024.01.20"]
[EventRounds "10"]
[EventCountry "BRA"]

1. c4 Nc6 2. Nc3 Nf6 3. g3 e5 4. Bg2 Bc5 5. h3 ({RR} 5. Na4 Be7 6. d3 O-O 7.
Nf3 d5 8. cxd5 Nxd5 9. O-O Bf6 10. a3 Nd4 11. Nc3 Nxf3+ 12. Bxf3 Nxc3 13. bxc3
c6 14. Rb1 Qc7 15. Qa4 Bd7 16. Be3 b6 17. Rfc1 Rab8 18. Qc4 Be7 19. a4 Bd6 {
Kokarev,D (2629)-Maslak,K (2560) Irkutsk 2010 1/2-1/2 (89)}) ({RR} 5. Na4 Be7
6. Nc3 O-O 7. d3 a6 8. Bg5 b5 9. Nf3 Rb8 10. cxb5 axb5 11. O-O b4 12. Bxf6 Bxf6
13. Nd5 g6 14. Nxf6+ Qxf6 15. Qd2 Nd8 16. Rfc1 Ne6 17. Rc4 c5 18. Bh3 Bb7 19.
Bxe6 fxe6 {Gonzalez Gonzalez,A (2160)-Zhukova,N (2377) Caleta ENG 2019 1/2-1/2
(70)}) 5... d6 6. d3 O-O 7. e4 Nd4 $146 ({RR} 7... Be6 8. Nge2 Nd4 9. O-O c6
10. Kh2 Qd7 11. Nxd4 Bxd4 12. f4 exf4 13. gxf4 Qc7 14. Ne2 Bb6 15. Ng3 Rad8 16.
f5 Bc8 17. Bg5 Bd4 18. Nh5 Qe7 19. Nxf6+ Bxf6 20. Bxf6 Qxf6 21. Qd2 b6 22. Rae1
{Sladovnik,T (1725)-Skalny,P Klatovy 2005 1/2-1/2 (48)}) ({RR} 7... Bd7 8. Nge2
Rb8 9. O-O Nd4 10. Nxd4 Bxd4 11. Ne2 Bb6 12. Kh2 c5 13. f4 Re8 14. f5 h6 15. g4
Kh7 16. Ng3 g6 17. fxg6+ fxg6 18. g5 hxg5 19. Bxg5 Rf8 20. Nh5 gxh5 21. Bxf6
Rxf6 22. Qxh5+ {Grasser,S (1607)-Grams,T (1320) Nürnberg 2012 1-0 (47)}) 8.
Nge2 c6 9. Nxd4 Bxd4 10. Ne2 Bb6 11. Qc2 Bd7 12. O-O Rc8 13. Kh2 d5 14. c5 Bc7
15. Nc3 Qe7 16. Nd1 b6 17. b4 a5 18. Bd2 axb4 19. Bxb4 bxc5 20. Bxc5 Bd6 21.
Bxd6 Qxd6 22. Ne3 Rc7 23. a4 Ra8 24. Rfb1 h6 25. Rb3 Rca7 26. Rba3 Be6 27. g4
g6 28. Nf1 Ra6 29. Nd2 Nd7 30. a5 Nc5 31. Nb3 Nxb3 32. Qxb3 Qc5 33. Qb2 d4 34.
Qd2 Kg7 35. Bf3 Rb8 36. Bd1 f5 37. gxf5 gxf5 38. exf5 Bxf5 39. Bf3 Qd6 40. Be4
Bxe4 41. dxe4 c5 42. Rg1+ Kh7 43. Rag3 c4 44. Qe2 d3 45. Qh5 Rb7 46. Qf5+ 1-0